[Event "21st Hoogeveen op"]
[Site "Hoogeveen NED"]
[Date "2017.10.24"]
[Round "5.3"]
[White "Kuljasevic, Davorin"]
[Black "Xu Xiangyu"]
[Result "1-0"]
[WhiteElo "2549"]
[BlackElo "2549"]
[EventDate "2017.10.21"]
[PlyCount "55"]

1.d4 Nf6 2.c4 g6 3.Nf3 Bg7 4.g3 c6 5.Bg2 d5 6.Qb3 O-O 7.O-O Qb6 8.Nc3 Rd8 
9.h3 Bf5 10.g4 Be4 11.Be3 e6 12.Nxe4 Nxe4 13.Bf4 c5 14.cxd5 exd5 15.dxc5 
Nxc5 16.Qxb6 axb6 17.Bc7 Re8 18.Bxb6 Na4 19.Bd4 Rxe2 20.b3 Nb2 21.Rfc1 Nc6
22.Bxg7 Nd3 23.Rc3 Nxf2 24.Nd4 Rexa2 25.Rxa2 Rxa2 26.Nxc6 Kxg7 27.Nb4 Rd2 
28.Bxd5 1-0

[Event "21st Hoogeveen op"]
[Site "Hoogeveen NED"]
[Date "2017.10.24"]
[Round "5.4"]
[White "Ernst, Sipke"]
[Black "Tania, Sachdev"]
[Result "1-0"]
[WhiteElo "2548"]
[BlackElo "2386"]
[EventDate "2017.10.21"]
[PlyCount "69"]

1.d4 Nf6 2.Bg5 d5 3.c3 g6 4.Nd2 Bg7 5.e3 Nbd7 6.f4 c5 7.Bd3 b6 8.Nh3 Bb7 
9.O-O O-O 10.Qf3 Qc8 11.Nf2 Ba6 12.g4 Bxd3 13.Nxd3 c4 14.Nf2 e6 15.e4 dxe4
16.Nfxe4 b5 17.f5 exf5 18.gxf5 Qa6 19.Rae1 Kh8 20.Qh3 Rae8 21.Bxf6 Nxf6 
22.Nxf6 Bxf6 23.Ne4 gxf5 24.Qxf5 Bh4 25.Ng3 Bxg3 26.hxg3 Qd6 27.Kg2 Rg8 
28.Qf3 Rxe1 29.Rxe1 Rg6 30.Re5 a6 31.Qxf7 Rg8 32.Qe6 Qc7 33.Qf6+ Qg7 34.
Qxg7+ Kxg7 35.Rg5+ 1-0

[Event "21st Hoogeveen op"]
[Site "Hoogeveen NED"]
[Date "2017.10.24"]
[Round "5.5"]
[White "Kollars, Dmitrij"]
[Black "Buckels, Valentin"]
[Result "1-0"]
[WhiteElo "2498"]
[BlackElo "2318"]
[EventDate "2017.10.21"]
[PlyCount "101"]

1.e4 e5 2.Nf3 Nc6 3.Bc4 Bc5 4.c3 Nf6 5.d4 exd4 6.e5 d5 7.Bb5 Ne4 8.cxd4 
Bb6 9.Be3 O-O 10.Nc3 f5 11.exf6 Nxf6 12.Bxc6 bxc6 13.Ne5 Qd6 14.O-O Ba6 
15.Re1 c5 16.dxc5 Bxc5 17.Bxc5 Qxc5 18.Rc1 Qd6 19.b4 Rae8 20.Qd4 Ne4 21.f4
Nxc3 22.Rxc3 Bc4 23.Rce3 Rb8 24.a3 Bb5 25.Qxa7 d4 26.Re4 Rbd8 27.a4 Be8 
28.b5 d3 29.Qe3 d2 30.Rd1 Bg6 31.Rc4 Bh5 32.g4 Bxg4 33.Nxg4 Qg6 34.f5 Qxf5
35.Nf2 Qd5 36.Rc5 Qd6 37.Qe5 Qg6+ 38.Qg3 Qe6 39.Re5 Qc4 40.Re7 g6 41.Qe5 
Rf7 42.Qe6 Qxe6 43.Rxe6 Rf4 44.Re4 Rf5 45.Kf1 Rh5 46.h3 Rf5 47.Ke2 Rdf8 
48.Ng4 Rf3 49.Re3 R3f4 50.Rxd2 Rxa4 51.Re7 1-0

[Event "21st Hoogeveen op"]
[Site "Hoogeveen NED"]
[Date "2017.10.24"]
[Round "5.6"]
[White "Colijn, Stefan"]
[Black "Beerdsen, Thomas"]
[Result "0-1"]
[WhiteElo "2308"]
[BlackElo "2428"]
[EventDate "2017.10.21"]
[PlyCount "48"]

1.d4 Nf6 2.Nf3 e6 3.c4 b6 4.Bg5 h6 5.Bh4 g5 6.Bg3 Ne4 7.Nc3 Bb4 8.Qc2 Bb7 
9.e3 Bxc3+ 10.bxc3 d6 11.Bd3 f5 12.d5 exd5 13.Nd4 dxc4 14.Bxc4 Qf6 15.Be6 
Nc6 16.Bxf5 Nxd4 17.Qa4+ Nb5 18.Bxe4 Qxc3+ 19.Ke2 Qb2+ 20.Kf3 Rf8+ 21.Kg4 
h5+ 22.Kxh5 Qh8+ 23.Kg6 Qf6+ 24.Kh7 Rh8# 0-1

[Event "21st Hoogeveen op"]
[Site "Hoogeveen NED"]
[Date "2017.10.24"]
[Round "5.7"]
[White "Van Dael, Siem"]
[Black "Kuipers, Stefan"]
[Result "1/2-1/2"]
[WhiteElo "2286"]
[BlackElo "2411"]
[EventDate "2017.10.21"]
[PlyCount "35"]

1.e4 e5 2.Nf3 Nc6 3.Bc4 Nf6 4.Ng5 d5 5.exd5 Na5 6.Bb5+ c6 7.dxc6 bxc6 8.
Qf3 Be7 9.Bd3 O-O 10.O-O h6 11.Ne4 Nd5 12.Ng3 Nb4 13.b3 f5 14.Nxf5 Bc5 15.
Qh5 Nxd3 16.Nxh6+ gxh6 17.Qg6+ Kh8 18.Qxh6+ 1/2-1/2

[Event "21st Hoogeveen op"]
[Site "Hoogeveen NED"]
[Date "2017.10.24"]
[Round "5.8"]
[White "Van Foreest, Lucas"]
[Black "Maris, Ivo"]
[Result "1-0"]
[WhiteElo "2489"]
[BlackElo "2340"]
[EventDate "2017.10.21"]
[PlyCount "67"]

1.d4 g6 2.c4 Bg7 3.Nc3 d6 4.e4 Nf6 5.Nf3 O-O 6.Be2 Bg4 7.Be3 Nfd7 8.O-O c5
9.d5 Na6 10.Qd2 Re8 11.Rab1 Nc7 12.Rfe1 Rb8 13.a4 a6 14.a5 e6 15.Bg5 Bf6 
16.Bxf6 Nxf6 17.e5 dxe5 18.d6 Bxf3 19.Bxf3 Rf8 20.Red1 Nce8 21.b4 Nd7 22.
Na4 f5 23.Nxc5 Nxc5 24.bxc5 e4 25.d7 exf3 26.c6 Nc7 27.Rxb7 Qh4 28.Rxb8 
Qg4 29.Rxf8+ Kxf8 30.Qh6+ Kf7 31.Qxh7+ Kf6 32.Qh8+ Kg5 33.d8=B+ Kf4 34.
Rd4# 1-0

[Event "21st Hoogeveen op"]
[Site "Hoogeveen NED"]
[Date "2017.10.24"]
[Round "5.9"]
[White "Carlstedt, Jonathan"]
[Black "Strating, Sybolt"]
[Result "1-0"]
[WhiteElo "2413"]
[BlackElo "2262"]
[EventDate "2017.10.21"]
[PlyCount "75"]

1.d4 d5 2.c4 c6 3.Nf3 Nf6 4.cxd5 cxd5 5.Nc3 Nc6 6.Bf4 Bf5 7.Rc1 e6 8.Qb3 
Bd6 9.Bxd6 Qxd6 10.e3 O-O 11.Bb5 Rfc8 12.O-O Na5 13.Qa4 Qd8 14.Ne5 a6 15.
Be2 b5 16.Qb4 Ne8 17.g4 f6 18.gxf5 fxe5 19.dxe5 Nc4 20.fxe6 Qg5+ 21.Kh1 
Qxe5 22.b3 Ncd6 23.Qd4 Qxe6 24.Bf3 Ne4 25.Qxd5 Qxd5 26.Nxd5 Rxc1 27.Rxc1 
N8d6 28.Kg2 Ra7 29.Bxe4 Nxe4 30.Rc8+ Kf7 31.f3 Nd6 32.Rc6 Nf5 33.e4 Nd4 
34.Rd6 Ne6 35.f4 a5 36.f5 Nc5 37.e5 Ke8 38.e6 1-0

[Event "21st Hoogeveen op"]
[Site "Hoogeveen NED"]
[Date "2017.10.24"]
[Round "5.10"]
[White "Warakomska, Anna"]
[Black "Jonkman, Harmen"]
[Result "0-1"]
[WhiteElo "2295"]
[BlackElo "2410"]
[EventDate "2017.10.21"]
[PlyCount "116"]

1.d4 d5 2.c4 e6 3.Nc3 c6 4.cxd5 exd5 5.Bf4 Bf5 6.e3 Qb6 7.Qc1 Nf6 8.Nf3 h6
9.Be2 Nbd7 10.O-O Be7 11.Ne5 O-O 12.Nd3 Ne4 13.Nxe4 Bxe4 14.Qd2 a5 15.Rfc1
Rfe8 16.h3 Bg5 17.Bxg5 Bxd3 18.Qxd3 hxg5 19.Qf5 Qd8 20.Bd3 g6 21.Qg4 Kg7 
22.Re1 Re6 23.Re2 Qe7 24.Rae1 Rh8 25.f4 Rh5 26.f5 Nf6 27.Qf3 Rd6 28.fxg6 
fxg6 29.Rf1 Re6 30.Qg3 Qd6 31.Qxd6 Rxd6 32.Ref2 Re6 33.Rf3 Rh8 34.Rg3 g4 
35.hxg4 Rhe8 36.g5 Nh7 37.Rff3 b6 38.Kf2 c5 39.Rf4 c4 40.Bc2 b5 41.Ke2 b4 
42.e4 dxe4 43.Re3 Nxg5 44.Rg3 Nf7 45.Rf5 a4 46.Bxa4 Ra8 47.Bb5 Nd6 48.Rc5 
Rxa2 49.Bxc4 Rxb2+ 50.Ke1 Nxc4 51.Rxc4 Ra6 52.Rc1 Kf6 53.Rd1 Raa2 54.d5 
Rxg2 55.Rxg2 Rxg2 56.Kf1 Rh2 57.Kg1 Rh8 58.Rd4 Rb8 0-1

[Event "21st Hoogeveen op"]
[Site "Hoogeveen NED"]
[Date "2017.10.24"]
[Round "5.11"]
[White "Uksini, Bardhyl"]
[Black "Schippers, Maurice"]
[Result "0-1"]
[WhiteElo "2363"]
[BlackElo "2289"]
[EventDate "2017.10.21"]
[PlyCount "60"]

1.d4 Nf6 2.c4 g6 3.Nc3 Bg7 4.e4 d6 5.f4 c5 6.d5 O-O 7.Nf3 e6 8.Be2 exd5 9.
cxd5 Nbd7 10.O-O Re8 11.Qc2 Nb6 12.a4 Nxe4 13.Nxe4 Bf5 14.Nfd2 Nxd5 15.Qb3
Ne3 16.Ng3 Bc2 17.Qa3 Bd4 18.Kh1 Nxf1 19.Ndxf1 Qf6 20.Ra2 h5 21.Bd3 Bd1 
22.Ne4 Qh4 23.Neg3 d5 24.Bd2 c4 25.Ra1 Bb3 26.Ne2 Bb6 27.Neg3 Qf6 28.a5 
Bd4 29.Rb1 Rac8 30.Ne2 Bc5 0-1

[Event "21st Hoogeveen op"]
[Site "Hoogeveen NED"]
[Date "2017.10.24"]
[Round "5.12"]
[White "Wempe, Joost"]
[Black "De Jong, Migchiel"]
[Result "1-0"]
[WhiteElo "2289"]
[BlackElo "2352"]
[EventDate "2017.10.21"]
[PlyCount "109"]

1.d4 e6 2.Nf3 c5 3.g3 b5 4.Bg2 Bb7 5.O-O Nf6 6.Na3 b4 7.Nc4 d5 8.Nce5 Be7 
9.Ng5 O-O 10.Bh3 Bc8 11.c4 bxc3 12.bxc3 h6 13.Ngf3 c4 14.Bf4 Qa5 15.Rb1 
Bd7 16.Qc1 Nc6 17.Rb7 Ba3 18.Qe3 Nxe5 19.dxe5 Bc5 20.Qc1 Ne4 21.Rxd7 Qxc3 
22.Be3 Bxe3 23.Qxe3 Qxe3 24.fxe3 Rfd8 25.Rb7 Rdb8 26.Rfb1 Rxb7 27.Rxb7 Nc3
28.a3 Nxe2+ 29.Kf2 Nc3 30.Nd4 Ne4+ 31.Ke2 a5 32.Nc6 a4 33.Bg2 Nc5 34.Ra7 
Rxa7 35.Nxa7 Kf8 36.Kd2 Ke8 37.Kc3 Nd3 38.e4 dxe4 39.Bxe4 Nxe5 40.Bc6+ Ke7
41.Bxa4 Kd6 42.Bd1 Kc5 43.a4 g5 44.Nb5 Nd7 45.Nc7 Nf6 46.Bf3 e5 47.Na6+ 
Kb6 48.Nb4 e4 49.Be2 Ka5 50.Bd1 e3 51.Kxc4 Ne4 52.Nc6+ Kb6 53.Nd4 Nf2 54.
Be2 Ka5 55.Nf5 1-0

[Event "21st Hoogeveen op"]
[Site "Hoogeveen NED"]
[Date "2017.10.24"]
[Round "5.13"]
[White "Engel, Luis"]
[Black "Hilwerda, Jonas"]
[Result "1-0"]
[WhiteElo "2344"]
[BlackElo "2216"]
[EventDate "2017.10.21"]
[PlyCount "95"]

1.e4 e5 2.Nf3 Nc6 3.Bc4 Nf6 4.d3 h6 5.O-O d6 6.c3 g5 7.Be3 Bg7 8.Nbd2 O-O 
9.a4 Ne7 10.d4 Ng6 11.dxe5 dxe5 12.Bc5 Re8 13.Qb3 Be6 14.Rfd1 Qc8 15.g3 
Bxc4 16.Qxc4 Qg4 17.Ne1 b6 18.Ba3 Rad8 19.Ng2 Qh5 20.Ne3 Ng4 21.Nxg4 Qxg4 
22.f3 Qe6 23.Qxe6 fxe6 24.Nc4 Kf7 25.Kf2 Kf6 26.Ke2 Bf8 27.b4 a6 28.Bb2 
Ke7 29.Ne3 Rxd1 30.Nxd1 Rd8 31.Nf2 h5 32.Nd3 Kf6 33.c4 c6 34.f4 gxf4 35.
gxf4 Kf7 36.Bxe5 Bg7 37.Bxg7 Kxg7 38.Ke3 Kf6 39.a5 b5 40.cxb5 cxb5 41.Rc1 
Ne7 42.Rc5 h4 43.Rh5 Ng6 44.Rh7 h3 45.e5+ Kf5 46.Rf7+ Kg4 47.Nf2+ Kh4 48.
Rh7# 1-0

[Event "21st Hoogeveen op"]
[Site "Hoogeveen NED"]
[Date "2017.10.24"]
[Round "5.14"]
[White "Pajeken, Jakob Leon"]
[Black "Okkes, Menno"]
[Result "1/2-1/2"]
[WhiteElo "2203"]
[BlackElo "2332"]
[EventDate "2017.10.21"]
[PlyCount "107"]

1.e4 c5 2.Nf3 g6 3.d4 cxd4 4.Nxd4 Nc6 5.c4 Nf6 6.Nc3 d6 7.Be2 Nxd4 8.Qxd4 
Bg7 9.Be3 O-O 10.Qd2 a5 11.Rd1 a4 12.c5 Qa5 13.cxd6 exd6 14.O-O a3 15.b3 
Be6 16.f3 Ng4 17.Bd4 Bxd4+ 18.Qxd4 Ne5 19.f4 Rac8 20.Rc1 Nc6 21.Qd2 Qc5+ 
22.Kh1 Qd4 23.Qe1 Nb4 24.f5 Bd7 25.Bc4 b5 26.Nxb5 Bxb5 27.Qxb4 Bxc4 28.
bxc4 Qxe4 29.fxg6 hxg6 30.Qxd6 Rxc4 31.Qxa3 Rxc1 32.Rxc1 Ra8 33.Qb2 Qa4 
34.h3 Kh7 35.Rc2 Re8 36.Rf2 Kg8 37.Kh2 Qa7 38.Qf6 Re6 39.Qf4 Re1 40.Qd2 
Qb8+ 41.g3 Rb1 42.Qd5 Qa7 43.Qd8+ Kg7 44.Qf6+ Kg8 45.a4 Qb7 46.Rg2 Qe4 47.
Qd8+ Kg7 48.Qh4 Qxh4 49.gxh4 Ra1 50.Rg4 f5 51.Rb4 Kh6 52.Rf4 Ra3 53.Kg2 
Kh5 54.Rb4 1/2-1/2

[Event "21st Hoogeveen op"]
[Site "Hoogeveen NED"]
[Date "2017.10.24"]
[Round "5.15"]
[White "Videnova, Iva"]
[Black "Balje, Jan"]
[Result "1/2-1/2"]
[WhiteElo "2326"]
[BlackElo "2191"]
[EventDate "2017.10.21"]
[PlyCount "148"]

1.e4 c6 2.d4 d5 3.Nd2 dxe4 4.Nxe4 Bf5 5.Ng3 Bg6 6.h4 h6 7.Nf3 e6 8.h5 Bh7 
9.Bd3 Bxd3 10.Qxd3 Nf6 11.Bd2 Be7 12.O-O-O O-O 13.Kb1 c5 14.Ne4 Nc6 15.
Nxf6+ Bxf6 16.dxc5 Qxd3 17.cxd3 Rfd8 18.Bc3 Nd4 19.Nd2 Rac8 20.b4 b6 21.
Ne4 Be7 22.cxb6 f5 23.b7 Rb8 24.Nc5 Bxc5 25.bxc5 Rxb7+ 26.Bb2 Rc8 27.Rh4 
e5 28.f4 Ne2 29.Ka1 Nxf4 30.Bxe5 Nxg2 31.Rh2 Rxc5 32.d4 Rc2 33.Rh3 Re2 34.
Rb1 Rxb1+ 35.Kxb1 Ne3 36.a4 Nc4 37.Bc7 Rd2 38.Rf3 Rxd4 39.Rxf5 Nb6 40.a5 
Nd5 41.Bg3 a6 42.Kb2 Rd2+ 43.Kb3 Ne7 44.Be1 Re2 45.Rf1 Re5 46.Rh1 Nc6 47.
Bc3 Rg5 48.Ka4 Kh7 49.Rh3 Rg4+ 50.Kb3 Rg5 51.Ka4 Ne7 52.Bd2 Rg4+ 53.Kb3 
Nd5 54.Rd3 Nf4 55.Rd6 Rg3+ 56.Kc4 Nxh5 57.Rxa6 Nf6 58.Re6 Ra3 59.Bb4 Ra2 
60.Kb3 Ra1 61.Bc3 Rb1+ 62.Bb2 Nd7 63.Re7 Nc5+ 64.Kc2 Rg1 65.Bd4 Rg2+ 66.
Kc3 Na6 67.Ra7 Rg6 68.Bb6 Nb8 69.Rb7 Na6 70.Kc4 Rg5 71.Ra7 Nb8 72.Be3 Rg3 
73.Bd2 Nc6 74.Rc7 Nxa5+ 1/2-1/2

[Event "21st Hoogeveen op"]
[Site "Hoogeveen NED"]
[Date "2017.10.24"]
[Round "5.16"]
[White "De Boer, Eelke"]
[Black "Clemens, Adrian HP"]
[Result "1-0"]
[WhiteElo "2301"]
[BlackElo "2198"]
[EventDate "2017.10.21"]
[PlyCount "37"]

1.e4 c5 2.Nf3 e6 3.d4 cxd4 4.Nxd4 Nc6 5.Nc3 Qc7 6.Be3 a6 7.Qf3 d6 8.Nxc6 
Qxc6 9.Bd3 Nf6 10.O-O Be7 11.Qg3 O-O 12.f4 Qc7 13.Rae1 Bd7 14.Qh3 e5 15.f5
Bc6 16.g4 b5 17.g5 Nd7 18.f6 gxf6 19.Nd5 1-0

[Event "21st Hoogeveen op"]
[Site "Hoogeveen NED"]
[Date "2017.10.24"]
[Round "5.17"]
[White "Hendriks, Richard V"]
[Black "Paszewski, Mateusz"]
[Result "1/2-1/2"]
[WhiteElo "2087"]
[BlackElo "2289"]
[EventDate "2017.10.21"]
[PlyCount "95"]

1.e4 c5 2.Nf3 Nc6 3.Bb5 g6 4.O-O Bg7 5.Bxc6 dxc6 6.d3 Nf6 7.h3 O-O 8.Nc3 
Qc7 9.Bg5 e5 10.Qd2 Be6 11.Bh6 Nh5 12.Bxg7 Kxg7 13.Ne2 f6 14.Nh2 g5 15.Ng4
Kh8 16.Ne3 Rad8 17.b3 b6 18.Ng3 Qf7 19.Nxh5 Qxh5 20.Qd1 Qh4 21.Qf3 Rd7 22.
g4 Qh6 23.Kg2 Qg6 24.Rh1 Rg7 25.Kf1 Qf7 26.Ke2 b5 27.Kf1 Qd7 28.Kg2 Qd4 
29.Rad1 a5 30.Nf5 Bxf5 31.exf5 Rc8 32.Rde1 Qd5 33.Re4 Rd8 34.a4 Ra8 35.Ra1
Kg8 36.Qe2 Rb7 37.Qe1 Rba7 38.f3 h5 39.Qe2 h4 40.Qf2 Rd7 41.Kh2 Kf7 42.
Rae1 Raa7 43.R1e2 Re7 44.Qe1 Qd6 45.Kg2 Kf8 46.Qc3 Rf7 47.Re1 Ra8 48.R1e2 
1/2-1/2

[Event "21st Hoogeveen op"]
[Site "Hoogeveen NED"]
[Date "2017.10.24"]
[Round "5.18"]
[White "O'Gorman, Tom"]
[Black "Hoffman, Ron"]
[Result "0-1"]
[WhiteElo "2240"]
[BlackElo "2038"]
[EventDate "2017.10.21"]
[PlyCount "126"]

1.e4 c5 2.Nf3 g6 3.d4 cxd4 4.Nxd4 Bg7 5.Nc3 Nc6 6.Be3 Nf6 7.Bc4 O-O 8.Bb3 
a6 9.f3 Qc7 10.g4 e6 11.Qd2 b5 12.O-O-O Bb7 13.h4 h5 14.g5 Nh7 15.f4 Na5 
16.Qd3 Nxb3+ 17.axb3 Rfc8 18.Rhe1 b4 19.Na4 d5 20.e5 Nf8 21.Qd2 Qa5 22.Kb1
Nd7 23.f5 Re8 24.fxe6 fxe6 25.Bf4 Nc5 26.Nxc5 Qxc5 27.Qd3 Kh7 28.Rf1 a5 
29.Be3 Ba6 30.Qd2 Bxf1 31.Rxf1 Rf8 32.Rf6 Bxf6 33.gxf6 Qc7 34.Qh2 Rxf6 35.
Bf4 Rf5 36.Nxe6 Qf7 37.Ng5+ Rxg5 38.Bxg5 Qf1+ 39.Ka2 a4 40.Qf4 axb3+ 41.
Kxb3 Qxf4 42.Bxf4 Rc8 43.Bg5 Rc4 44.e6 Kg7 45.Be7 Re4 46.Bg5 Kf8 47.Ka4 
Ke8 48.Kb3 Rc4 49.Bf6 Rf4 50.Bg5 Rg4 51.Bf6 Rc4 52.Bg5 Re4 53.Ka4 Re5 54.
Bh6 Rxe6 55.Kxb4 Re4+ 56.Kc5 Rxh4 57.Kxd5 Rh2 58.b4 Rxc2 59.b5 Kd7 60.b6 
Rb2 61.Be3 h4 62.Bd4 Rd2 63.Kc5 Rxd4 0-1

[Event "21st Hoogeveen op"]
[Site "Hoogeveen NED"]
[Date "2017.10.24"]
[Round "5.19"]
[White "Klapwijk, Bram"]
[Black "Aan, Sikka"]
[Result "1-0"]
[WhiteElo "2211"]
[BlackElo "1918"]
[EventDate "2017.10.21"]
[PlyCount "107"]

1.d4 d5 2.c4 e6 3.Nc3 c6 4.e4 dxe4 5.Nxe4 Bb4+ 6.Bd2 Qxd4 7.Bxb4 Qxe4+ 8.
Be2 Na6 9.Ba5 f6 10.Kf1 b6 11.Qd6 Bd7 12.Re1 Qf5 13.Bc3 Nc5 14.Nh3 Ne4 15.
Qd4 Nxc3 16.Qxc3 Ne7 17.Qg3 Qg6 18.Qc7 e5 19.Rd1 Rd8 20.Ng1 Nc8 21.Bd3 Qg4
22.Ne2 e4 23.Bc2 O-O 24.c5 Ne7 25.Bb3+ Nd5 26.Qxa7 Ra8 27.Qxb6 Rfb8 28.h3 
Qf5 29.Bxd5+ cxd5 30.Qd6 Rxb2 31.c6 Be6 32.a3 d4 33.Qxd4 Rc2 34.Rc1 Rxc1+ 
35.Nxc1 Rxa3 36.Qd2 Qb5+ 37.Kg1 Qxc6 38.Kh2 Qc7+ 39.g3 Rc3 40.Ne2 Rd3 41.
Qf4 Qb7 42.Rf1 Bc4 43.Kg1 Rb3 44.Qd2 Qb6 45.Qd7 Qb8 46.Rc1 Rb7 47.Qg4 f5 
48.Qxf5 Rf7 49.Qxe4 Qb6 50.Nf4 Ba6 51.Rc6 Qb5 52.Qe8+ Rf8 53.Qe6+ Kh8 54.
Rxa6 1-0

[Event "21st Hoogeveen op"]
[Site "Hoogeveen NED"]
[Date "2017.10.24"]
[Round "5.20"]
[White "Stanetzek, Carsten"]
[Black "Van Foreest, Machteld"]
[Result "0-1"]
[WhiteElo "2211"]
[BlackElo "1829"]
[EventDate "2017.10.21"]
[PlyCount "70"]

1.e4 e5 2.Nf3 Nc6 3.Bc4 Bc5 4.O-O Nf6 5.d3 h6 6.c3 d6 7.Re1 Be6 8.Nbd2 a6 
9.Bb3 O-O 10.Nf1 Ba7 11.h3 Re8 12.Bxe6 Rxe6 13.Ng3 d5 14.Qe2 Qd7 15.Bd2 
Rd8 16.Rad1 dxe4 17.dxe4 Rd6 18.Nf1 Nh5 19.Rb1 Qe6 20.b3 Qg6 21.Kh2 Nf6 
22.Rbd1 Qh5 23.Ng3 Ng4+ 24.Kg1 Bxf2+ 25.Qxf2 Nxf2 26.Nxh5 Nxd1 27.Rxd1 Rd3
28.Kf2 Rxc3 29.Bxc3 Rxd1 30.Nxe5 Rc1 31.Nxc6 Rxc3 32.Nd8 b6 33.Nf4 Kf8 34.
Ne2 Rc2 35.Ke3 Ke8 0-1

[Event "21st Hoogeveen op"]
[Site "Hoogeveen NED"]
[Date "2017.10.24"]
[Round "5.21"]
[White "Vistisen, Lars"]
[Black "Sparenberg, Erik"]
[Result "1/2-1/2"]
[WhiteElo "2073"]
[BlackElo "2175"]
[EventDate "2017.10.21"]
[PlyCount "119"]

1.e4 c5 2.Nf3 d6 3.d4 cxd4 4.Qxd4 Bd7 5.Bg5 Nf6 6.Nc3 Nc6 7.Qd2 a6 8.a4 e6
9.Be2 Be7 10.O-O O-O 11.Rfd1 Bc8 12.h3 Qc7 13.Qe3 Ne5 14.Nd2 h6 15.Bf4 Bd7
16.Qg3 Ng6 17.Be3 e5 18.a5 Be6 19.Na4 d5 20.Nb6 Rad8 21.exd5 Nxd5 22.Nxd5 
Rxd5 23.Bd3 Nf4 24.Bb6 Qd7 25.Qe3 Nxd3 26.cxd3 Rxd3 27.Qe2 Qb5 28.Nf3 
Rxd1+ 29.Qxd1 Rc8 30.Qe1 Bf6 31.b4 Rc4 32.Rb1 Bf5 33.Rc1 e4 34.Nd2 Rxc1 
35.Qxc1 Bg5 36.Qc3 Bf6 37.Bd4 Bxd4 38.Qxd4 Qe2 39.Qe3 Qxe3 40.fxe3 Kf8 41.
g4 Bg6 42.Nb3 Ke7 43.Nc5 Kd6 44.Nxb7+ Kc6 45.Nc5 Kb5 46.Kf2 Kxb4 47.Nxa6+ 
Kxa5 48.Nc7 h5 49.Ne8 f5 50.Nxg7 fxg4 51.hxg4 hxg4 52.Kg3 Kb5 53.Kxg4 Kc5 
54.Ne6+ Kd6 55.Nf8 Be8 56.Kf5 Bd7+ 57.Kxe4 Ba4 58.Kf5 Bc2+ 59.Kf6 Kd5 60.
e4+ 1/2-1/2

[Event "21st Hoogeveen op"]
[Site "Hoogeveen NED"]
[Date "2017.10.24"]
[Round "5.23"]
[White "Heemskerk, Wim"]
[Black "Boersma, Jan"]
[Result "1-0"]
[WhiteElo "2179"]
[BlackElo "2057"]
[EventDate "2017.10.21"]
[PlyCount "37"]

1.c4 Nf6 2.Nc3 g6 3.g3 Bg7 4.Bg2 O-O 5.e4 c5 6.Nge2 Nc6 7.O-O d6 8.d3 Bd7 
9.h3 Rb8 10.Be3 Ne8 11.Kh2 Nc7 12.d4 cxd4 13.Nxd4 Ne6 14.Nde2 Nc5 15.f4 a5
16.Qd2 Nb4 17.Rad1 Bc6 18.Nd4 Nbd3 19.Qe2 1-0

[Event "21st Hoogeveen op"]
[Site "Hoogeveen NED"]
[Date "2017.10.24"]
[Round "5.24"]
[White "De Graaf, Dick"]
[Black "Bekedam, Tyro"]
[Result "1-0"]
[WhiteElo "2178"]
[BlackElo "2037"]
[EventDate "2017.10.21"]
[PlyCount "55"]

1.e4 c6 2.d4 d5 3.Nc3 dxe4 4.Nxe4 Bf5 5.Ng3 Bg6 6.h4 h6 7.Nf3 e6 8.Ne5 Bh7
9.f4 Nd7 10.Be3 Bb4+ 11.c3 Bd6 12.Qb3 Qc7 13.O-O-O Ne7 14.Bd3 Bxd3 15.Rxd3
Nf6 16.Rf1 O-O 17.f5 c5 18.Qc2 Nfd5 19.f6 gxf6 20.Ne4 fxe5 21.dxc5 Nxe3 
22.Rxe3 Nd5 23.Rg3+ Kh8 24.Rf6 Nxf6 25.Nxf6 e4 26.Qxe4 Bf4+ 27.Kb1 Qe5 28.
Qh7# 1-0

[Event "21st Hoogeveen op"]
[Site "Hoogeveen NED"]
[Date "2017.10.24"]
[Round "5.25"]
[White "Vroombout, Enrico"]
[Black "Henseler, Jorgen"]
[Result "1/2-1/2"]
[WhiteElo "2133"]
[BlackElo "2026"]
[EventDate "2017.10.21"]
[PlyCount "110"]

1.d4 Nf6 2.c4 g6 3.Nc3 Bg7 4.e4 d6 5.Nf3 O-O 6.Be2 e5 7.O-O Nc6 8.d5 Ne7 
9.Ne1 Nd7 10.Nd3 f5 11.Bd2 Nf6 12.f3 f4 13.c5 g5 14.Rc1 Ng6 15.cxd6 cxd6 
16.Nf2 Rf7 17.Qb3 h5 18.h3 Bf8 19.Nb5 Nh4 20.Rc2 Ne8 21.Rfc1 b6 22.a4 Rg7 
23.Be1 Rb8 24.a5 a6 25.Na3 b5 26.Rc6 Nf6 27.Qc2 Bd7 28.Rxa6 g4 29.fxg4 
hxg4 30.Qc7 gxh3 31.Qxd8 Rxd8 32.Nxh3 Nxg2 33.Kh2 Ne3 34.Bh4 Be7 35.Bxf6 
Rg2+ 36.Kh1 Bxf6 37.Rxd6 Be7 38.Rxd7 Rxd7 39.Bxb5 Ra7 40.Nc4 Rg3 41.Rg1 
Rxg1+ 42.Nxg1 Bc5 43.Nxe3 fxe3 44.b4 Rh7+ 45.Kg2 Rg7+ 46.Kf3 Bxb4 47.Ne2 
Bxa5 48.Kxe3 Kf8 49.Kf3 Rf7+ 50.Kg4 Ke7 51.Ba6 Kd6 52.Bc8 Rf2 53.Ng3 Rf4+ 
54.Kg5 Kc7 55.Bf5 Bb4 1/2-1/2

[Event "21st Hoogeveen op"]
[Site "Hoogeveen NED"]
[Date "2017.10.24"]
[Round "5.26"]
[White "Boer, Bas De"]
[Black "Kouwenhoven, Derk"]
[Result "1/2-1/2"]
[WhiteElo "2120"]
[BlackElo "2028"]
[EventDate "2017.10.21"]
[PlyCount "62"]

1.Nf3 g6 2.e4 Bg7 3.d4 d6 4.Nc3 Nd7 5.Bc4 Nb6 6.Bb3 Nf6 7.O-O O-O 8.a4 c6 
9.a5 Nbd7 10.e5 dxe5 11.dxe5 Nd5 12.Nxd5 cxd5 13.Re1 e6 14.Bg5 Qc7 15.Be7 
Nxe5 16.Bxf8 Nxf3+ 17.Qxf3 Kxf8 18.c3 b6 19.Qg3 Qxg3 20.hxg3 bxa5 21.Rxa5 
Rb8 22.Rxa7 Rxb3 23.Ra8 Rxb2 24.Rxc8+ Ke7 25.Re3 Rb7 26.g4 h6 27.Kf1 Bf6 
28.Re2 Kd7 29.Rc5 Kd6 30.Rc8 Kd7 31.Rc5 Kd6 1/2-1/2

[Event "21st Hoogeveen op"]
[Site "Hoogeveen NED"]
[Date "2017.10.24"]
[Round "5.27"]
[White "Damen, Jip"]
[Black "Molenaar, Christiaan"]
[Result "1-0"]
[WhiteElo "2016"]
[BlackElo "2112"]
[EventDate "2017.10.21"]
[PlyCount "51"]

1.e4 Nf6 2.e5 Nd5 3.d4 d6 4.Nf3 dxe5 5.Nxe5 g6 6.Bc4 c6 7.O-O Bg7 8.Re1 
O-O 9.c3 a5 10.Nd2 Bf5 11.Nf1 Nd7 12.Nf3 N7b6 13.Be2 Qd6 14.Ng3 Bg4 15.c4 
Bxf3 16.gxf3 Nf4 17.c5 Qxd4 18.Qxd4 Bxd4 19.Bxf4 Nd5 20.Bh6 Rfe8 21.Bc4 
Nb4 22.Rad1 Bxb2 23.Rd7 e6 24.Rb1 Ra7 25.Rxb2 Rd8 26.Rxd8# 1-0

[Event "21st Hoogeveen op"]
[Site "Hoogeveen NED"]
[Date "2017.10.24"]
[Round "5.28"]
[White "Colbow, Collin"]
[Black "Schulze, Lara"]
[Result "1-0"]
[WhiteElo "1945"]
[BlackElo "2091"]
[EventDate "2017.10.21"]
[PlyCount "159"]

1.e4 e6 2.d4 d5 3.Nd2 c5 4.exd5 Qxd5 5.Ngf3 cxd4 6.Bc4 Qd7 7.O-O Nc6 8.Nb3
Nf6 9.Nbxd4 Nxd4 10.Nxd4 a6 11.Re1 b5 12.Bb3 Bb7 13.a4 Nd5 14.axb5 axb5 
15.Rxa8+ Bxa8 16.Nxb5 Qxb5 17.c4 Nc3 18.bxc3 Qd7 19.Qxd7+ Kxd7 20.Rd1+ Kc8
21.Be3 Be7 22.Ra1 Bb7 23.c5 Bf6 24.Bd4 Kc7 25.f3 Rd8 26.Ra4 e5 27.Bf2 Rd3 
28.h3 Rxc3 29.Bxf7 Rc1+ 30.Kh2 Rc2 31.Ra2 Rxa2 32.Bxa2 e4 33.fxe4 Bxe4 34.
Bb3 Be5+ 35.Kg1 Bf6 36.Be3 g5 37.Bf7 Be7 38.Be8 Bf5 39.Kf2 Be4 40.Bh5 Bd5 
41.Bf3 Kc6 42.Kg3 h5 43.Bxh5 Bxc5 44.Bxg5 Bd6+ 45.Kf2 Bc5+ 46.Kf1 Kd6 47.
Bf4+ Ke6 48.Bg4+ Kf7 49.g3 Bd4 50.Ke2 Kf6 51.Bd2 Bc4+ 52.Ke1 Be5 53.Kf2 
Bd4+ 54.Kg2 Kg6 55.Bf3 Bg7 56.Be4+ Kf7 57.g4 Be5 58.h4 Kg7 59.Kf3 Bb3 60.
Bf5 Bd1+ 61.Kg2 Bxg4 62.Bxg4 Kg6 63.Kf3 Bf6 64.h5+ Kh7 65.Ke4 Bg7 66.Bf5+ 
Kg8 67.Kd5 Bb2 68.Ke6 Bd4 69.Bg5 Bc3 70.Ke7 Bd4 71.Bh6 Bg7 72.Be6+ Kh7 73.
Bf4 Bh6 74.Bd6 Bg7 75.Kf7 Kh8 76.Bf5 Bd4 77.h6 Bc3 78.Bf8 Bd4 79.Bg7+ Bxg7
80.hxg7# 1-0

[Event "21st Hoogeveen op"]
[Site "Hoogeveen NED"]
[Date "2017.10.24"]
[Round "5.29"]
[White "Knight, David"]
[Black "Roebers, Jan"]
[Result "1/2-1/2"]
[WhiteElo "1926"]
[BlackElo "2086"]
[EventDate "2017.10.21"]
[PlyCount "52"]

1.e4 c6 2.d4 d5 3.e5 c5 4.dxc5 e6 5.Nf3 Bxc5 6.Bd3 Nc6 7.O-O Nb4 8.Be2 Qc7
9.c3 Nc6 10.Bf4 Nge7 11.Re1 Qb6 12.Bg3 Nf5 13.Rf1 Qxb2 14.Nbd2 Qxc3 15.Rc1
Qa3 16.Bf4 O-O 17.Nb3 Be7 18.Bd3 Nb4 19.Bb1 Nxa2 20.g4 Nh4 21.Nxh4 Bxh4 
22.Qc2 g6 23.Bxa2 Bd7 24.Qd2 Be7 25.Ra1 Rfc8 26.Bg5 Bb4 1/2-1/2

[Event "21st Hoogeveen op"]
[Site "Hoogeveen NED"]
[Date "2017.10.24"]
[Round "5.30"]
[White "Weihrauch, Jakob"]
[Black "Van der Veen, Jan"]
[Result "1/2-1/2"]
[WhiteElo "1901"]
[BlackElo "2058"]
[EventDate "2017.10.21"]
[PlyCount "93"]

1.e4 e5 2.Nf3 Nc6 3.Bb5 a6 4.Ba4 Nf6 5.d3 b5 6.Bb3 Be7 7.a4 Rb8 8.axb5 
axb5 9.O-O O-O 10.Nc3 d6 11.h3 h6 12.Nd5 Nxd5 13.Bxd5 Bb7 14.c3 Ra8 15.Be3
Rxa1 16.Qxa1 Qa8 17.b4 Bf6 18.Qb2 Qc8 19.Ra1 Ne7 20.Bxb7 Qxb7 21.Ra7 Qb8 
22.Qa2 Nc6 23.Ra6 Qb7 24.g3 Kh7 25.Kg2 g6 26.Ra3 Bg7 27.Qd5 Nd8 28.Ra7 Qc8
29.Qxb5 Ne6 30.Nh4 f5 31.exf5 gxf5 32.Qc6 f4 33.Qe4+ Kg8 34.Ng6 Re8 35.
Ne7+ Rxe7 36.Ra8 Qxa8 37.Qxa8+ Kf7 38.Qf3 Kg8 39.gxf4 exf4 40.Bxf4 Rf7 41.
Qa8+ Rf8 42.Qd5 Kf7 43.Qh5+ Ke7 44.Bxh6 Rg8 45.Qg6 Rf8 46.d4 Rf6 47.Qe4 
1/2-1/2